|
|
|
|
| LEADER |
00000nam2a2200000 4500 |
| 001 |
350402 |
| 005 |
20231102010310.0 |
| 035 |
|
|
|a (RuTPU)RU\TPU\retro\4485
|
| 035 |
|
|
|a RU\TPU\book\326687
|
| 090 |
|
|
|a 350402
|
| 100 |
|
|
|a 20190131d1958 k y0rusy50 ca
|
| 101 |
0 |
|
|a rus
|
| 102 |
|
|
|a RU
|
| 105 |
|
|
|a a z 001zy
|
| 200 |
0 |
|
|a № 250 : Славянское языкознание
|f отв. ред. Э. А. Якубинская
|
| 210 |
|
|
|d 1958
|
| 215 |
|
|
|a 196 с.
|c ил.
|
| 225 |
1 |
|
|a Серия филологических наук
|v Вып. 44
|
| 320 |
|
|
|a Библиогр. в конце ст.
|
| 461 |
|
1 |
|0 (RuTPU)RU\TPU\book\347780
|t Ученые записки [Ленинградского государственного университета]
|o сборник статей
|f Ленинградский государственный университет (ЛГУ)
|v № 250 : Славянское языкознание
|d 1937-
|
| 606 |
1 |
|
|a Языкознание
|2 stltpush
|3 (RuTPU)RU\TPU\subj\21804
|9 46739
|
| 606 |
1 |
|
|a Славянские языки
|x Диалекты
|x Фонология сопостовительная
|2 stltpush
|3 (RuTPU)RU\TPU\subj\55084
|9 73155
|
| 610 |
1 |
|
|a польский язык
|
| 610 |
1 |
|
|a имена существительные
|
| 610 |
1 |
|
|a русский язык
|
| 610 |
1 |
|
|a заимствование слов
|
| 610 |
1 |
|
|a болгарский язык
|
| 610 |
1 |
|
|a сербохорватский язык
|
| 686 |
|
|
|a Ш1
|v LBC/SL-A
|2 rubbk
|
| 686 |
|
|
|a Ш141
|v LBC/SL-A
|2 rubbk
|
| 702 |
|
1 |
|a Якубинская
|b Э. А.
|4 340
|
| 801 |
|
1 |
|a RU
|b 63413507
|c 20150731
|
| 801 |
|
2 |
|a RU
|b 63413507
|c 20190131
|g RCR
|
| 942 |
|
|
|c BK
|